| Tag |
First Indicator |
Second Indicator |
Subfields |
| LEADER |
00000cam a2200000 a 4500 |
| 001 |
in00001409985 |
| 005 |
20190207095856.0 |
| 008 |
970508s1997 laub b s001 0 eng |
| 010 |
|
|
|a 97017335
|
| 020 |
|
|
|a 0807121940 (alk. paper)
|
| 035 |
|
|
|a (OCoLC)36916126
|
| 035 |
|
|
|9 AHP9350AM
|
| 040 |
|
|
|a DLC
|c DLC
|d TXA
|d UtOrBLW
|
| 043 |
|
|
|a n-us-tx
|
| 049 |
|
|
|a TXAM
|
| 050 |
0 |
0 |
|a F391
|b .C27 1997
|
| 082 |
0 |
0 |
|a 976.4
|2 21
|
| 100 |
1 |
|
|a Campbell, Randolph B.,
|d 1940-
|
| 245 |
1 |
0 |
|a Grass-roots reconstruction in Texas, 1865-1880 /
|c Randolph B. Campbell.
|
| 264 |
|
1 |
|a Baton Rouge :
|b Louisiana State University Press,
|c [1997]
|
| 264 |
|
4 |
|c ©1997
|
| 300 |
|
|
|a x, 251 pages :
|b maps ;
|c 24 cm.
|
| 336 |
|
|
|a text
|b txt
|2 rdacontent
|
| 337 |
|
|
|a unmediated
|b n
|2 rdamedia
|
| 338 |
|
|
|a volume
|b nc
|2 rdacarrier
|
| 500 |
|
|
|a The Cushing Library/Chapman Texas Collection copy is part of the Floyd & Louise Chapman Texas & Borderlands Collection.
|5 TXA
|
| 536 |
|
|
|a From the library of Dr. James H. Copp, Febraury 2004.
|
| 504 |
|
|
|a Includes bibliographical references (pages [233]-240) and index.
|
| 650 |
|
0 |
|a Reconstruction (U.S. history, 1865-1877)
|z Texas.
|
| 651 |
|
0 |
|a Texas
|x Politics and government
|y 1865-1950.
|
| 948 |
|
|
|a c:dm
|
| 999 |
|
|
|a MARS
|
| 999 |
f |
f |
|s 72c7aab5-eec7-3944-8e4f-ee056b843919
|i 8344a388-7959-3e13-a4b7-ca2c67e4698b
|t 0
|
| 952 |
f |
f |
|p normal
|a Texas A&M University
|b College Station
|c Sterling C. Evans Library
|d Evans: Library Stacks
|t 0
|e F391 .C27 1997
|h Library of Congress classification
|i unmediated -- volume
|m A14831937067
|
| 952 |
f |
f |
|p noncirc
|a Texas A&M University
|b College Station
|c Cushing Memorial Library & Archives
|d Cushing: Chapman Texas Collection (Does not check out)
|t 0
|e F391 .C25 1997
|h Library of Congress classification
|i unmediated -- volume
|
| 998 |
f |
f |
|a F391 .C27 1997
|t 0
|l Evans: Library Stacks
|
| 998 |
f |
f |
|a F391 .C25 1997
|t 0
|l Cushing: Chapman Texas Collection (Does not check out)
|